| 000 | 01315cam a2200361 i 4500 | ||
|---|---|---|---|
| 001 | 768714001 | ||
| 003 | CO-MdFUSB | ||
| 005 | 20210409110820.0 | ||
| 007 | ta | ||
| 008 | 840430t1984 ilu b 000 0 eng | ||
| 010 | _a84009134 | ||
| 020 |
_a0877848327 _q(pbk.) |
||
| 020 |
_a9780877848325 _q(pbk.) |
||
| 040 |
_aDLC _beng _cCO-MdFUSB _dBTCTA _dCO-MdFUSB _dBAKER _dYDXCP _dOCLCO _dOCLCF _dOCLCQ _dMXL _dOCLCQ _erda |
||
| 041 | _aeng | ||
| 082 |
_223 _a248.486 _bM647 |
||
| 100 | 1 |
_aMiller, Calvin, _d1936- _eautor |
|
| 245 | 1 | 4 |
_aThe table of inwardness _c/ Calvin Miller. |
| 264 | 1 |
_aDowners Grove, Ill. : _bInterVarsity Press, _c[1984] |
|
| 264 | 4 | _c©1984. | |
| 300 |
_a120 páginas ; _c21 cm. |
||
| 336 |
_atexto _btxt _2rdacontent. |
||
| 337 |
_asin mediación _bn _2rdamedia. |
||
| 338 |
_avolumen _bnc _2rdacarrier. |
||
| 504 | _aIncluye referencias bibliográficas. | ||
| 505 | _aI. La cuestión de la interioridad - 2. Barreras para el viaje interior - 3. El ojo de la aguja - 4. El Cristo de la mesa - 5. La oración, la comunión de la mesa - 6. El arte de la obediencia - 7. Ampliando nuestra intimidad con Cristo - 8. Para siempre. | ||
| 563 | _aRústico | ||
| 650 | 0 |
_aVida cristiana _919 |
|
| 942 | _cBK | ||
| 945 | _aJTF-925 | ||
| 999 |
_c66371 _d66371 |
||